Eğer şiddet görüyorsan; kendin, geleceğin, hayatın, çocukların için endişeleniyorsan, yalnız değilsin: Biz varız/ (Record no. 14881)

MARC details
000 -BAŞLIK
Sabit Uzunlukta Kontrol Alanı 01041nam a22002777a 4500
999 ## - SİSTEM KONTROL NUMARALARI (KOHA)
Koha Biblionumber 14881
Koha Biblioitemnumber 14881
003 - KONTROL NUMARASI IDENTIFIER
Denetim Alanı MIRAKIL
005 - SON İŞLEM TARİHİ VE ZAMANI
Denetim Alanı 20220408134937.0
008 - SABİT-BOY VERİ ELEMANLARI - GENEL BİLGİLER
Sabit Uzunlukta Kontrol Alanı 220408b tu ||||| |||| 00| 0 tur d
040 ## - KATALOGLAMA KAYNAK
Orijinal Kataloglama Ajansı TR-AnCHP
Kataloglama Dili tur
Metne Dönüştürmek Ajansı TR-AnCHP
041 ## - DİL KODU
Metin / Ses Parça Veya Ayrı Başlığın Dil Kodu tur
082 ## - DEWEY ONLU SINIFLANDIRMA NUMARASI
Sınıflandırma Numarası BROŞÜR 593
090 ## - SINIFLAMA NUMARASI
Sınıflama Numarası BROŞÜR 593
110 ## - ANA GİRİŞ - KURUMSAL ADI
Giriş Elemanı Olarak Kurumsal Ad Veya Yargı Alanı Adı Cumhuriyet Halk Partisi (CHP)
Alt Birim Kadın Kolları
245 ## - BAŞLIK TABLOSU
Başlık Eğer şiddet görüyorsan; kendin, geleceğin, hayatın, çocukların için endişeleniyorsan, yalnız değilsin: Biz varız/
Sorumluluk Tablosu, Vb Cumhuriyet Halk Partisi (CHP) Kadın Kolları.
246 ## - UNVAN FORM VARYING
Başlık Doğru / Kısa Başlığı Yaşam Hak
260 ## - YAYIN, DAĞITIM, VB
Yayın, Dağıtım, Vb Yeri Ankara:
Yayıncı, Dağıtıcı, Vs Adı CHP,
Yayın, Dağıtım, Vb Tarihi Mart 2021.
300 ## - FİZİKSEL TANIM
Kapsam 2 s.:
Diğer Fiziksel Ayrıntıları rnk.,
Boyutlar 20 sm.
610 ## - KONU KATMA GİRİŞ - TOPLANTI ADI
Giriş Elemanı Olarak Kurumsal Ad Veya Yargı Alanı Adı CHP
Genel Alt Bölüm Kadın politikaları
610 ## - KONU KATMA GİRİŞ - TOPLANTI ADI
Giriş Elemanı Olarak Kurumsal Ad Veya Yargı Alanı Adı CHP
Genel Alt Bölüm Kadın hakları
650 #0 - KONU KATMA GİRİŞ - TOPİKAL DÖNEM
Topikal Süreli Veya Coğrafi Ad Giriş Elemanı İstanbul sözleşmesi
Genel Alt Bölümü Türkiye
9 (RLIN) 6691
650 #0 - KONU KATMA GİRİŞ - TOPİKAL DÖNEM
Topikal Süreli Veya Coğrafi Ad Giriş Elemanı Kadınlar
Genel Alt Bölümü Şiddet
Coğrafi Alt Bölümü Türkiye
9 (RLIN) 567
650 #0 - KONU KATMA GİRİŞ - TOPİKAL DÖNEM
Topikal Süreli Veya Coğrafi Ad Giriş Elemanı Hukuk
Genel Alt Bölümü Kadın hakları
Coğrafi Alt Bölümü Türkiye
9 (RLIN) 5358
740 ## - KATMA GİRİŞ - KONTROLSUZ İLGİLİ / ANALİTİK BAŞLIK
Kontrol Edilmeyen / İlgili Analitik Başlıktaki Yaşam Hak
942 ## - EKLENDİ GİRİŞ ELEMANLARI (KOHA)
Sınıflandırma Veya Raf Düzeni Kaynak Dewey Decimal Classification
Koha Öğesi Türü Visual Material
Holdings
Kalıcı Konum Mevcut Konum Edinme Tarihi Toplam Check-Out'Lar Tam Çağrı Numarası Barkod Tarih Son Görülme İtibaren Geçerli Fiyatlar Koha Öğesi Türü
CHP Kütüphanesi CHP Kütüphanesi 04/08/2022   BROŞÜR 593 020396 04/08/2022 04/08/2022 Visual Material